Tous les médaillés français aux jeux olympiques de 2026 par images - Statistiques

Statistiques générales
  • Ce quiz a été pris 92 fois
    71 depuis la dernière actualisation
  • Le résultat moyen est 20 sur 23
Statistiques - réponses
Par images Hint Réponse % Correct
Biathlon, Relais F, Or Camille Bened / Lou Jeanmonnot / Océane Michelon / Julia Simon
100%
Biathlon, Relais M, Or Eric Perrot / Quentin Fillon-Maillet / Lou Jeanmonnot / Julia Simon
100%
Biathlon, Relais H, Or Fabien Claude / Émilien Jacquelin / Quentin Fillon-Maillet / Eric Perrot
100%
Biathlon, 15km Individuel F, Or Julia Simon
100%
Biathlon, 12,5km départ groupé F, Argent Julia Simon
100%
Biathlon, 15km Indivduel F, Argent Lou Jeanmonnot
98%
Biathlon, 7,5km Sprint F, Bronze Lou Jeanmonnot
98%
Biathlon, 10km Sprint H, Or Quentin Fillon-Maillet
98%
Biathlon, 15km départ groupé H, Bronze Quentin Fillon-Maillet
98%
Biathlon, 20km Individuel H, Argent Eric Perrot
97%
Biathlon, 12,5km Poursuite H, Bronze Émilien Jacquelin
95%
Biathlon, 7,5km Sprint F, Argent Océane Michelon
94%
Biathlon, 12,5km départ groupé F, Or Océane Michelon
94%
Patinage Artistique, Danse sur Glace M, Or Laurence Fournier Beaudry / Guillaume Cizeron
87%
Ski de Fond, Skiathlon H, Argent Mathis Desloges
81%
Ski de Fond, Individuel H, Argent Mathis Desloges
81%
Ski Acrobatique, Bosses F, Bronze Perrine Laffont
81%
Ski de Fond, Relais 4x7,5km H, Argent Théo Schely / Hugo Lapalus / Mathis Desloges / Victor Lovera
81%
Ski Alpinisme, Relais M, Or Emily Harrop / Thibault Anselmet
71%
Ski Alpinisme, Sprint F, Argent Emily Harrop
68%
Ski Alpinisme, Sprint H, Bronze Thibault Anselmet
68%
Ski Alpin, Super-G F, Argent Romane Miradoli
60%
Snowboard, Cross par équipes M, Bronze Loan Bozzolo / Léa Casta
48%
Aucun quiz correspondant
Distribution des résultats
% des personnes avec chaque résultat
Percentile par nombre de réponses
Votre historique - résultats
Vous n’avez pas pris ce quiz depuis la dernière actualisation